000 02356nam0a2200373 4500
001 RU\NLR\BIBL_A\022510767
005 20260420042438.0
010 _a978-5-94984-925-5
021 _aRU
_bКН-П-25-004337
_9КН-П-25-0416
035 _a(NLR Aleph) 022510767
090 _a13671379
_c13671379
100 _a20250403d2024 m y0rusy50 ca
101 0 _arus
102 _aRU
105 _ay j 000yy
181 0 _ai3
_baxxe
182 0 _an
200 1 _aОпределение и оптимизация технологических параметров прессования реактопластов
_eучебно-методическое пособие
_fН. М. Мухин, А. Е. Шкуро, А. В. Артемов, О. Ф. Шишлов
_gМинистерство науки и высшего образования Российской Федерации, Федеральное государственное бюджетное образовательное учреждение высшего образования "Уральский государственный лесотехнический университет" (УГЛТУ)
203 _aТекст
_bвизуальный
_cнепосредственный
210 _aЕкатеринбург
_cУГЛТУ
_d2024
215 _a69 с.
_cил., цв. ил.
_d20
300 _aАвт. указаны на обороте тит. с.
606 1 _aПластические массы термореактивные
_jУчебно-методические пособия для высших учебных заведений
_xПрессование
_91864921
_3RU\NLR\AUTH\66846207
686 1 _aЛ712.822.051.1я73-1
701 1 _aМухин
_bН. М.
_gНиколай Михайлович
701 1 _aШкуро
_bА. Е.
_gАлексей Евгеньевич
701 1 _aАртёмов
_bА. В.
_cканд. техн. наук
_gАртём Вячеславович
_92653397
_3RU\NLR\AUTH\770281430
701 1 _aШишлов
_bО. Ф.
_gОлег Федорович
712 0 2 _4475
_aУральский государственный лесотехнический университет
_cЕкатеринбург
_9583633
_3RU\NLR\AUTH\8810042115
942 _cBOOK
980 _aNB